[Event "32nd ECC Open 2016"]
[Site "Novi Sad SRB"]
[Date "2016.11.12"]
[Round "7.24"]
[Board "6"]
[White "Jakobsen, Peter"]
[Black "Sucikova, Svetlana"]
[Result "1-0"]
[WhiteTitle "FM"]
[BlackTitle "WFM"]
[WhiteElo "2201"]
[BlackElo "2076"]
[WhiteTeam "Skakklubben Nordkalotten"]
[BlackTeam "White Rose"]
[WhiteFideId "1401440"]
[BlackFideId "14923653"]
[EventDate "2016.11.06"]

1. Nf3 d5 2. c4 e6 3. g3 Nf6 4. Bg2 c6 5. Qc2 Nbd7 6. d4 Bd6 7. O-O O-O 8. Nbd2
Re8 9. b3 e5 10. cxd5 cxd5 11. dxe5 Nxe5 12. Bb2 Bd7 13. Nxe5 Bxe5 14. Bxe5 Rxe5
15. Nf3 Re7 16. Nd4 Qb6 17. Qd3 Rd8 18. Rac1 Bg4 19. e3 Bh5 20. Rfe1 Ng4 21. Nf5
Ree8 22. Qc3 Qg6 23. Nd4 Ne5 24. Rc2 Qa6 25. Bf1 Qf6 26. Bg2 Bg6 27. Rd2 Qb6 28.
Rc1 h6 29. Qc5 Qxc5 30. Rxc5 Be4 31. f3 Bg6 32. Bf1 a6 33. Kf2 f6 34. Rc7 Rd7
35. Rxd7 Nxd7 36. Bh3 Nb6 37. Rd1 Re7 38. Rc1 Be8 39. a4 Bc6 40. a5 Na8 41. Nxc6
bxc6 42. Rxc6 Nc7 43. Bc8 Kf8 44. Bxa6 Nxa6 45. Rxa6 Rc7 46. Ke2 Ke7 47. Kd3 Kd7
48. Rb6 1-0

[Event "32nd ECC Open 2016"]
[Site "Novi Sad SRB"]
[Date "2016.11.12"]
[Round "7.25"]
[Board "1"]
[White "Kazakovskiy, Valeriy"]
[Black "Klein, David"]
[Result "1/2-1/2"]
[WhiteTitle "IM"]
[BlackTitle "GM"]
[WhiteElo "2416"]
[BlackElo "2513"]
[WhiteTeam "Ezerelio Vaivorykste"]
[BlackTeam "Kennemer Combinatie"]
[WhiteFideId "13507443"]
[BlackFideId "1003623"]
[EventDate "2016.11.06"]

1. Nf3 f5 2. d3 Nc6 3. d4 e6 4. c4 Nf6 5. g3 Bb4+ 6. Bd2 Qe7 7. Nc3 Bxc3 8. Bxc3
Ne4 9. Rc1 d6 10. d5 Ne5 11. Nd4 Ng4 12. f3 Ngf2 13. Qc2 e5 14. fxe4 exd4 15.
Kxf2 dxc3 16. Bg2 O-O 17. Rhf1 fxe4+ 18. Kg1 Bg4 19. Qxc3 e3 20. Rce1 b6 21. Qd4
h5 22. Be4 Bh3 23. Rf3 Rae8 24. Bg6 Bg4 25. Rff1 Rb8 26. b3 Qg5 27. Qe4 Bh3 28.
Rf3 Rf6 29. Be8 Qe5 30. Qxe5 dxe5 31. Rxf6 gxf6 32. Bxh5 e4 33. Rc1 Kg7 34. Rc3
f5 35. Rxe3 Rf8 36. Bf3 exf3 37. exf3 f4 38. Re7+ Rf7 39. Rxf7+ Kxf7 40. g4 Kf6
41. Kf2 Ke5 42. Ke2 Kd4 43. Kd2 a5 44. a4 Bg2 45. Ke2 Bh3 46. Kd2 Bf1 47. h4 Ke5
48. h5 Kf6 49. Ke1 Bd3 50. Kd2 Bh7 51. Kc3 Kg5 52. Kd2 Kh4 53. b4 Kg5 54. b5 Kf6
55. c5 Ke7 56. d6+ cxd6 57. c6 d5 58. Kc3 Kd6 59. g5 Bf5 60. Kd4 Bb1 61. g6 Bc2
62. Kc3 Bb1 63. Kb3 Bd3 64. Kc3 Bb1 65. Kd2 Bf5 66. g7 Bh7 67. Kc3 Bg8 68. Kd3 1/2-1/2

[Event "32nd ECC Open 2016"]
[Site "Novi Sad SRB"]
[Date "2016.11.12"]
[Round "7.25"]
[Board "2"]
[White "Admiraal, Miguoel"]
[Black "Sotsky, Alexander"]
[Result "1-0"]
[WhiteTitle "IM"]
[BlackTitle "IM"]
[WhiteElo "2448"]
[BlackElo "2348"]
[WhiteTeam "Kennemer Combinatie"]
[BlackTeam "Ezerelio Vaivorykste"]
[WhiteFideId "1019716"]
[BlackFideId "4130715"]
[EventDate "2016.11.06"]

1. d4 d5 2. Bf4 e6 3. e3 f5 4. c4 Nf6 5. Nc3 Be7 6. Nf3 O-O 7. h3 c6 8. Bd3 Ne4
9. O-O Nd7 10. Bh2 Qe8 11. Ne2 Qh5 12. Rc1 g5 13. Bb1 Rf7 14. Ne5 Rg7 15. cxd5
exd5 16. f3 Nd6 17. Ng3 Qe8 18. Nxf5 Nxf5 19. Bxf5 Nxe5 20. Bxc8 Nxf3+ 21. Qxf3
Rxc8 22. Be5 Rg6 23. Qg4 Bb4 24. Rc2 Qe6 25. Rf5 Be7 26. Rcf2 Rf8 27. Rxf8+ Bxf8
28. Rf5 Bg7 29. Qf3 Qe7 30. Qg3 h6 31. h4 Qe6 32. Qf3 gxh4 33. Bxg7 Rxg7 34. Rf6
Qg4 35. Qxg4 Rxg4 36. Rxh6 Kg7 37. Rh5 Kg6 38. Rh8 Kg7 39. Rh5 Kg6 40. Rh8 Kg7
41. Rb8 h3 42. Rxb7+ Kg6 43. Kh2 hxg2 44. Kg1 Rg3 45. Rxa7 Rxe3 46. Rc7 Re2 47.
Rxc6+ Kf5 48. Rb6 Rd2 49. Rb4 Ke4 50. a4 Kf3 51. Rb3+ Ke4 52. a5 Rc2 53. a6 Rc8
54. a7 Ra8 55. Rb7 Kxd4 56. b4 1-0

[Event "32nd ECC Open 2016"]
[Site "Novi Sad SRB"]
[Date "2016.11.12"]
[Round "7.25"]
[Board "3"]
[White "Genutis, Mindaugas"]
[Black "Dek, Lennart"]
[Result "0-1"]
[WhiteTitle "FM"]
[WhiteElo "2310"]
[BlackElo "2278"]
[WhiteTeam "Ezerelio Vaivorykste"]
[BlackTeam "Kennemer Combinatie"]
[WhiteFideId "1407058"]
[BlackFideId "1013114"]
[EventDate "2016.11.06"]

1. d4 Nf6 2. c4 c5 3. Nf3 cxd4 4. Nxd4 e5 5. Nb3 d5 6. cxd5 Nxd5 7. g3 Nc6 8.
Bg2 Be6 9. O-O Be7 10. Bd2 O-O 11. Bc3 Rc8 12. N1d2 Nxc3 13. bxc3 Qc7 14. Qb1
Rfd8 15. Rd1 Nb8 16. Nf1 Rxd1 17. Qxd1 b6 18. Ne3 Ba3 19. Nd5 Bxd5 20. Bxd5 Qxc3
21. e4 Bb2 22. Rb1 Qc2 23. Bb7 Qxd1+ 24. Rxd1 Re8 25. Rd2 Ba3 26. Rc2 Kf8 27.
Bd5 Bd6 28. Rc4 Nd7 29. Rc6 Ke7 30. Bxf7 Rd8 31. Bh5 Nf6 32. Bf3 Kd7 33. Rc2 Rc8
34. Rxc8 Kxc8 35. Kf1 Kc7 36. Ke2 Kc6 37. Ke3 Kb5 38. Be2+ Kb4 39. f4 Kc3 40.
Nc1 exf4+ 41. gxf4 Nxe4 42. Kxe4 Kd2 43. Nb3+ Kxe2 44. Nd4+ Kd2 45. Ne6 g6 46.
Ng5 a5 47. Nxh7 a4 48. h4 b5 49. f5 gxf5+ 50. Kxf5 b4 51. Nf6 Bf8 0-1

[Event "32nd ECC Open 2016"]
[Site "Novi Sad SRB"]
[Date "2016.11.12"]
[Round "7.25"]
[Board "4"]
[White "Duijn, Rob"]
[Black "Samsonov, Vyacheslav"]
[Result "0-1"]
[WhiteElo "2218"]
[BlackElo "2139"]
[WhiteTeam "Kennemer Combinatie"]
[BlackTeam "Ezerelio Vaivorykste"]
[WhiteFideId "1014501"]
[BlackFideId "2806290"]
[EventDate "2016.11.06"]

1. d4 d5 2. Nf3 e6 3. Bg5 Nf6 4. e3 c5 5. c3 Qb6 6. Qb3 Ne4 7. Qxb6 axb6 8. Bf4
c4 9. Bxb8 Rxb8 10. Nbd2 f5 11. Ne5 Bd6 12. f3 Nf6 13. f4 Bd7 14. Be2 Ra8 15.
O-O Ke7 16. h3 Ba4 17. b3 cxb3 18. axb3 Bd7 19. Rfc1 Rhc8 20. c4 Bb4 21. Ndf3
Ne4 22. Rxa8 Rxa8 23. cxd5 Nc3 24. Bd3 Nxd5 25. e4 fxe4 26. Bxe4 Nc3 27. Bd3 Ra2
28. Kh1 h6 29. f5 exf5 30. Nxd7 Kxd7 31. Bxf5+ Kd6 32. Re1 Ne2 33. Rxe2 Rxe2 34.
Bh7 Kd5 35. Kg1 Bd6 36. Kf1 Rb2 37. h4 Bg3 38. h5 b5 39. Bg8+ Ke4 0-1

[Event "32nd ECC Open 2016"]
[Site "Novi Sad SRB"]
[Date "2016.11.12"]
[Round "7.25"]
[Board "5"]
[White "Olkhovskiy, Alexander"]
[Black "In t Veld, Daan"]
[Result "1-0"]
[WhiteElo "2095"]
[BlackElo "2218"]
[WhiteTeam "Ezerelio Vaivorykste"]
[BlackTeam "Kennemer Combinatie"]
[WhiteFideId "34188611"]
[BlackFideId "1016270"]
[EventDate "2016.11.06"]

1. e4 c5 2. f4 d5 3. exd5 Nf6 4. Nf3 Nxd5 5. Nc3 e6 6. Bb5+ Nd7 7. f5 Nc7 8.
fxe6 Nxe6 9. O-O Be7 10. Nd5 Bd6 11. Qe2 O-O 12. b3 Nf6 13. Ne3 a6 14. Bc4 Nf4
15. Qe1 b5 16. Bd3 Nxd3 17. cxd3 Nh5 18. Bb2 Nf4 19. d4 Nd3 20. Qb1 Nxb2 21.
Qxb2 Qf6 22. Qc3 cxd4 23. Nxd4 Qh6 24. Nf3 Be6 25. Rac1 Rfd8 26. Qc6 Bf4 27. Qe4
Re8 28. Nf5 Bxf5 29. Qxf5 g6 30. Qc2 Rad8 31. Rf2 Re6 32. Rcf1 Red6 33. Qe4 Rd4
34. Qb7 g5 35. g3 R4d7 36. Qe4 Bxd2 37. Ne5 Re7 38. Rxf7 Rxf7 39. Nxf7 Qb6+ 40.
Kg2 Rb8 41. Qd5 Bc3 42. Nxg5+ Kh8 43. Rf7 Bg7 44. Ne6 Qe3 45. Nxg7 Rc8 46. Nh5
Rg8 47. Qf5 Qd2+ 48. Kh3 1-0

[Event "32nd ECC Open 2016"]
[Site "Novi Sad SRB"]
[Date "2016.11.12"]
[Round "7.25"]
[Board "6"]
[White "Duijn, Richard"]
[Black "Razuvajeva, Juli"]
[Result "1-0"]
[WhiteTitle "FM"]
[BlackTitle "WIM"]
[WhiteElo "2203"]
[BlackElo "2182"]
[WhiteTeam "Kennemer Combinatie"]
[BlackTeam "Ezerelio Vaivorykste"]
[WhiteFideId "1003771"]
[BlackFideId "4119878"]
[EventDate "2016.11.06"]

1. e4 c5 2. Nf3 d6 3. d4 cxd4 4. Nxd4 Nf6 5. f3 a6 6. c4 e5 7. Nc2 Be7 8. Nc3
O-O 9. Be3 Be6 10. Bd3 Nbd7 11. O-O Rc8 12. b3 Nc5 13. Nb4 Qa5 14. a3 Nxd3 15.
Qxd3 h6 16. Qd2 Qd8 17. Rfd1 Kh7 18. g4 Nd7 19. Nbd5 Bg5 20. Bxg5 Qxg5 21. Rab1
Qh4 22. Qf2 Qxf2+ 23. Kxf2 Rfe8 24. Nb4 Nc5 25. Rxd6 Red8 26. Rxd8 Rxd8 27. Nbd5
g6 28. b4 Nd3+ 29. Ke3 Nf4 30. Rd1 Kg7 31. c5 f5 32. gxf5 gxf5 33. Nxf4 exf4+
34. Kxf4 Rxd1 35. Nxd1 fxe4 36. fxe4 Bb3 37. Ne3 Kf7 38. Nf5 1-0

[Event "32nd ECC Open 2016"]
[Site "Novi Sad SRB"]
[Date "2016.11.12"]
[Round "7.26"]
[Board "1"]
[White "Villegas, Pierre"]
[Black "Wantiez, Fabrice"]
[Result "1-0"]
[WhiteTitle "FM"]
[BlackTitle "FM"]
[WhiteElo "2344"]
[BlackElo "2315"]
[WhiteTeam "Cercle d'Echecs Monte-Carlo"]
[BlackTeam "Cercle d'Echecs Fontainois"]
[WhiteFideId "654183"]
[BlackFideId "202274"]
[EventDate "2016.11.06"]

1. d4 Nf6 2. c4 g6 3. f3 c5 4. d5 d6 5. e4 Bg7 6. Ne2 e6 7. Nbc3 exd5 8. cxd5
Nh5 9. Be3 f5 10. exf5 gxf5 11. Ng3 O-O 12. Nxh5 Qh4+ 13. g3 Qxh5 14. Bf4 Bd4
15. Nb5 Qe8+ 16. Be2 Bxb2 17. Rb1 Be5 18. Nxd6 Qe7 19. Bxe5 Qxe5 20. Nxc8 Rxc8
21. Rxb7 Re8 22. Qd2 f4 23. Rg1 fxg3 24. Rxg3+ Kh8 25. Qc2 Qh5 26. f4 1-0

[Event "32nd ECC Open 2016"]
[Site "Novi Sad SRB"]
[Date "2016.11.12"]
[Round "7.26"]
[Board "2"]
[White "Fontaine, Quentin"]
[Black "Ribbegren, Karl Johan"]
[Result "1-0"]
[WhiteElo "2270"]
[BlackElo "2248"]
[WhiteTeam "Cercle d'Echecs Fontainois"]
[BlackTeam "Cercle d'Echecs Monte-Carlo"]
[WhiteFideId "230804"]
[BlackFideId "5400040"]
[EventDate "2016.11.06"]

1. e4 Nf6 2. e5 Nd5 3. d4 Nb6 4. c4 d6 5. exd6 exd6 6. Nc3 Be7 7. Bd3 O-O 8.
Nge2 Bg4 9. Qc2 g6 10. O-O Nc6 11. a3 Bf6 12. Be3 d5 13. c5 Nc4 14. Nxd5 Qxd5
15. Bxc4 Qd7 16. d5 Ne5 17. Ba2 Nf3+ 18. Kh1 Rfe8 19. Ng3 Be5 20. Qd3 Qe7 21.
gxf3 Bxf3+ 22. Kg1 Qf6 23. Bg5 Qxg5 24. Qxf3 Bf4 25. Rfe1 Kg7 26. Kh1 f5 27. Re6 1-0

[Event "32nd ECC Open 2016"]
[Site "Novi Sad SRB"]
[Date "2016.11.12"]
[Round "7.26"]
[Board "3"]
[White "Efimov, Igor"]
[Black "Herman, Jean"]
[Result "1/2-1/2"]
[WhiteTitle "GM"]
[WhiteElo "2395"]
[BlackElo "2237"]
[WhiteTeam "Cercle d'Echecs Monte-Carlo"]
[BlackTeam "Cercle d'Echecs Fontainois"]
[WhiteFideId "806404"]
[BlackFideId "263036"]
[EventDate "2016.11.06"]

1. e4 c5 2. Nf3 d6 3. d4 Nf6 4. Nc3 cxd4 5. Nxd4 g6 6. Be2 Bg7 7. O-O O-O 8. Re1
Nc6 9. Nb3 Be6 10. Bg5 a5 11. a4 h6 12. Bh4 Qb6 13. Nd5 Bxd5 14. exd5 Nb4 15.
Bf3 Rfe8 16. c3 Nd3 17. Qxd3 Qxb3 18. Re3 Nd7 19. Rxe7 Ne5 20. Rxe8+ Rxe8 21.
Qb5 Qxb5 22. axb5 g5 23. Bg3 f5 24. Bxe5 Rxe5 25. g4 b6 26. gxf5 Kf7 27. Kg2
Rxf5 28. h3 Rf4 29. Bh5+ Ke7 30. Re1+ Be5 31. Bg6 Rc4 32. Bd3 Rc5 33. c4 Rc8 34.
b3 Rf8 35. Be4 Rf4 36. f3 Rf8 37. Re2 Rf6 38. Bd3 Rf7 39. Ra2 Bc3 1/2-1/2

[Event "32nd ECC Open 2016"]
[Site "Novi Sad SRB"]
[Date "2016.11.12"]
[Round "7.26"]
[Board "4"]
[White "Mastalerz, Xavier"]
[Black "Van Hoolandt, Patrick"]
[Result "1-0"]
[BlackTitle "FM"]
[WhiteElo "2231"]
[BlackElo "2156"]
[WhiteTeam "Cercle d'Echecs Fontainois"]
[BlackTeam "Cercle d'Echecs Monte-Carlo"]
[WhiteFideId "208310"]
[BlackFideId "200999"]
[EventDate "2016.11.06"]

1. d4 Nf6 2. Nf3 d5 3. g3 Bg4 4. Bg2 c6 5. O-O e6 6. c4 Be7 7. Qb3 Qb6 8. Nc3
O-O 9. Bf4 dxc4 10. Qxc4 Nd5 11. Bc1 Qb4 12. Qd3 Nb6 13. Ne5 Bh5 14. a3 Qd6 15.
e4 Rd8 16. f4 f6 17. g4 fxe5 18. fxe5 Qxe5 19. gxh5 Bc5 20. Qh3 Bxd4+ 21. Kh1
Qd6 22. h6 N8d7 23. hxg7 Bxg7 1-0

[Event "32nd ECC Open 2016"]
[Site "Novi Sad SRB"]
[Date "2016.11.12"]
[Round "7.26"]
[Board "5"]
[White "Nelis, Jean-Francois"]
[Black "Allaert, Dimitri"]
[Result "1/2-1/2"]
[WhiteElo "2158"]
[BlackElo "2135"]
[WhiteTeam "Cercle d'Echecs Monte-Carlo"]
[BlackTeam "Cercle d'Echecs Fontainois"]
[WhiteFideId "623830"]
[BlackFideId "209384"]
[EventDate "2016.11.06"]

1. c4 Nf6 2. g3 c6 3. Bg2 d5 4. Nf3 g6 5. b3 Bg7 6. Bb2 O-O 7. O-O dxc4 8. bxc4
c5 9. d3 Nc6 10. Nc3 Rb8 11. Rb1 b6 12. Ng5 Bb7 13. Qa4 Qc8 14. Rfe1 h6 15. Nge4
Nxe4 16. Nxe4 Rd8 17. Bxg7 Kxg7 18. Nc3 h5 19. h4 Qd7 20. Nd5 e6 21. Nf4 Na5 22.
Qxd7 Rxd7 23. Bxb7 Rdxb7 24. Rec1 Kf6 25. Nh3 Ke7 26. Ng5 Nc6 27. Ne4 Nd4 28.
Kf1 Nf5 29. Rb2 Nd6 30. Nc3 Kd7 31. Rcb1 Kc6 32. a4 a6 33. Kg2 a5 34. Kf3 Rd8
35. e3 Rdb8 36. Rb3 Rd8 37. Ne4 Nxe4 38. Kxe4 f6 39. d4 Rdb8 40. Rb5 cxd4 41.
exd4 Rd8 42. f3 Rh8 43. R1b3 Rg8 44. Rc3 Rgb8 45. g4 hxg4 46. fxg4 Rh8 47. d5+
exd5+ 48. cxd5+ Kd7 49. Rc6 Rxh4 50. Rxf6 Rxg4+ 51. Ke5 Rg5+ 52. Kf4 Rf5+ 53.
Rxf5 gxf5 54. Kxf5 Kd6 55. Ke4 Re7+ 56. Kd4 Kc7 57. Rb3 Rh7 58. Kc4 Rh4+ 59. Kb5
Rd4 60. Ka6 1/2-1/2

[Event "32nd ECC Open 2016"]
[Site "Novi Sad SRB"]
[Date "2016.11.12"]
[Round "7.26"]
[Board "6"]
[White "Pierard, Florian"]
[Black "Rapaire, Jean-michel"]
[Result "1-0"]
[WhiteElo "2101"]
[BlackElo "1779"]
[WhiteTeam "Cercle d'Echecs Fontainois"]
[BlackTeam "Cercle d'Echecs Monte-Carlo"]
[WhiteFideId "263532"]
[BlackFideId "5400023"]
[EventDate "2016.11.06"]

1. e4 d5 2. exd5 Qxd5 3. Nc3 Qa5 4. d4 c6 5. Bc4 Nf6 6. Nf3 Bf5 7. Bd2 e6 8. Qe2
Bb4 9. O-O-O O-O 10. a3 Bxc3 11. Bxc3 Qc7 12. Ne5 h6 13. g4 Bh7 14. Bb4 Re8 15.
h4 b5 16. g5 bxc4 17. gxf6 gxf6 18. Rhg1+ Kh8 19. Qh5 fxe5 20. Qxh6 1-0

[Event "32nd ECC Open 2016"]
[Site "Novi Sad SRB"]
[Date "2016.11.12"]
[Round "7.27"]
[Board "1"]
[White "Feygin, Michael"]
[Black "Napoli, Nicolo"]
[Result "1-0"]
[WhiteTitle "GM"]
[BlackTitle "FM"]
[WhiteElo "2473"]
[BlackElo "2243"]
[WhiteTeam "KSK Rochade Eupen-Kelmis"]
[BlackTeam "DLF Steinitz Roma"]
[WhiteFideId "14103109"]
[BlackFideId "813702"]
[EventDate "2016.11.06"]

1. e4 e6 2. d4 d5 3. Nc3 dxe4 4. Nxe4 Nf6 5. Bg5 Be7 6. Bxf6 gxf6 7. Nf3 f5 8.
Nc3 a6 9. Qe2 b5 10. O-O-O b4 11. Na4 Qd5 12. c4 Qa5 13. b3 Bd7 14. Qe5 Qxe5 15.
Nxe5 Bxa4 16. bxa4 Bf6 17. g3 Bxe5 18. Bg2 Ra7 19. dxe5 Ke7 20. a5 Nd7 21. f4 c6
22. Rd6 Rc7 23. Rhd1 Rhc8 24. Kc2 Nc5 25. Rb1 Nb7 26. Rd2 Nxa5 27. Rxb4 c5 28.
Ra4 Nc6 29. Bxc6 Rxc6 30. Rd3 Rd8 31. Rda3 Ra8 32. Rb3 Kd7 33. Rb7+ Rc7 34. Rb1
Kc6 35. Ra3 Rd7 36. Rab3 Raa7 37. Rb6+ Kc7 38. Rb8 Rd4 39. Kc3 Kc6 40. a4 Re4
41. R1b6+ Kc7 42. a5 Re3+ 43. Kb2 Re2+ 44. Kb3 Re3+ 45. Ka4 Re1 46. Rf8 Ra1+ 47.
Kb3 Rxa5 48. Rbb8 Ra1 49. Rfc8+ Kd7 50. Rd8+ Ke7 51. Re8+ Kd7 52. Red8+ Ke7 53.
Re8+ Kd7 54. Kb2 Rh1 55. Rbd8+ Kc7 56. Rd2 Rb7+ 57. Ka2 Rb4 58. Re7+ Kb6 59.
Rxf7 Ka5 60. Re7 Rc1 61. Rxe6 Ra4+ 62. Kb2 Rcxc4 63. Rf6 Rab4+ 64. Ka2 Rc3 65.
Rxf5 Re3 66. Rf6 Ra4+ 67. Kb2 Rb4+ 68. Kc2 Kb5 69. e6 Ra4 70. Kb1 Re1+ 71. Kb2
Raa1 72. Rf8 Rab1+ 73. Kc3 Rbc1+ 74. Kb2 Rb1+ 75. Kc3 Rbc1+ 76. Rc2 Rxc2+ 77.
Kxc2 Rxe6 78. f5 Re2+ 79. Kd3 Rxh2 80. f6 Rf2 81. Ke3 Rf1 82. Ke2 Rf5 83. g4
Re5+ 84. Kd3 Rd5+ 85. Ke4 Kc4 86. Re8 Rd7 87. Re7 Rd1 88. Rxh7 1-0

[Event "32nd ECC Open 2016"]
[Site "Novi Sad SRB"]
[Date "2016.11.12"]
[Round "7.27"]
[Board "2"]
[White "Ramondino, Renzo"]
[Black "Coenen, Michael"]
[Result "0-1"]
[WhiteTitle "FM"]
[WhiteElo "2144"]
[BlackElo "2393"]
[WhiteTeam "DLF Steinitz Roma"]
[BlackTeam "KSK Rochade Eupen-Kelmis"]
[WhiteFideId "810304"]
[BlackFideId "4697367"]
[EventDate "2016.11.06"]

1. d4 Nf6 2. Bg5 c5 3. d5 Qb6 4. Nc3 Qxb2 5. Bd2 Qb6 6. e4 d6 7. f4 Qd8 8. Nf3
a6 9. a4 g6 10. Bc4 Bg7 11. e5 dxe5 12. fxe5 Ng4 13. Qe2 Nd7 14. e6 fxe6 15. O-O
Nde5 16. Rad1 O-O 17. Bg5 Nxf3+ 18. gxf3 Bxc3 19. d6 Nf6 20. d7 Bxd7 21. Bxe6+
Kh8 22. Bxf6+ Bxf6 23. Rxd7 Qb6 24. Qe4 Rab8 25. Re1 Qb2 26. c4 b5 27. axb5 axb5
28. Rb1 Bd4+ 29. Kh1 Qf2 30. Rd1 Qxf3+ 31. Qxf3 Rxf3 32. cxb5 Rxb5 33. Rxe7 Rf2
34. Rf7 Rbb2 35. Rxf2 Rxf2 36. Rc1 Kg7 37. Bd5 Kf6 38. Bb3 h5 39. Bc4 Be5 40.
Rf1 Rxf1+ 41. Bxf1 Bf4 42. Kg2 h4 43. h3 Ke5 44. Kf3 g5 45. Ke2 Kd4 46. Kd1 Kc3
47. Bg2 c4 48. Bd5 g4 49. hxg4 h3 50. Ke2 Kd4 51. Bc6 c3 52. Kd1 Ke3 53. Bd5 h2
54. Bc6 Be5 0-1

[Event "32nd ECC Open 2016"]
[Site "Novi Sad SRB"]
[Date "2016.11.12"]
[Round "7.27"]
[Board "3"]
[White "Klein, Felix"]
[Black "Ferretti, Folco"]
[Result "1/2-1/2"]
[WhiteTitle "FM"]
[BlackTitle "FM"]
[WhiteElo "2321"]
[BlackElo "2232"]
[WhiteTeam "KSK Rochade Eupen-Kelmis"]
[BlackTeam "DLF Steinitz Roma"]
[WhiteFideId "24600458"]
[BlackFideId "802328"]
[EventDate "2016.11.06"]

1. e4 d5 2. exd5 Qxd5 3. Nc3 Qd6 4. d4 Nf6 5. Nf3 g6 6. g3 Bg7 7. Bg2 Qa6 8. a4
c6 9. a5 O-O 10. Bf1 b5 11. Bg2 Be6 12. O-O Qc8 13. Re1 Re8 14. b3 Na6 15. Ne2
Bd5 16. Nf4 Be4 17. Bb2 Nb4 18. c3 Nbd5 19. Nd3 Rb8 20. Qd2 Bxd3 21. Qxd3 e6 22.
Qd2 Nd7 23. Ng5 Qc7 24. Ne4 N5f6 25. Ng5 Bh6 26. h4 Bg7 27. c4 bxc4 28. bxc4 c5
29. Rad1 Nh5 30. Bc3 cxd4 31. Bxd4 Bxd4 32. Qxd4 Nhf6 33. a6 Rb4 34. Rc1 Qc5 35.
Qf4 e5 36. Qd2 Rxc4 37. Nxf7 Kxf7 38. Qa2 Nb6 39. Bf1 Rc8 40. Rxc4 Nxc4 41. Rc1
Qd4 42. Rxc4 Rxc4 43. Bxc4+ Kg7 44. Be6 e4 45. Qb3 Qa1+ 46. Kg2 Qxa6 47. g4 h6
48. g5 hxg5 49. hxg5 Nh5 50. Qc3+ Kh7 51. Qc7+ Ng7 52. Qh2+ Nh5 53. Bg4 Qc6 54.
Bxh5 gxh5 55. Qxh5+ Kg7 56. Kf1 a5 57. g6 Qxg6 58. Qxa5 Qg4 59. Qe5+ Kf7 60. Ke1
Qg1+ 61. Ke2 Qg4+ 62. Kd2 Qf3 63. Qd4 Ke6 64. Qe3 Kf5 65. Qxf3+ exf3 66. Kd3 Kg4
67. Ke3 Kg5 68. Kxf3 Kf5 69. Ke3 Ke5 70. Kd3 Kf4 71. Ke2 Ke4 72. Kd2 Kf4 73. Ke1
Kf3 74. Kf1 Kf4 75. Kg2 Kg4 76. f3+ Kf4 77. Kf2 Kf5 78. Ke3 Ke5 79. f4+ Kf5 1/2-1/2

[Event "32nd ECC Open 2016"]
[Site "Novi Sad SRB"]
[Date "2016.11.12"]
[Round "7.27"]
[Board "4"]
[White "Chiaretti, Roberto"]
[Black "Meessen, Rudolf"]
[Result "1-0"]
[BlackTitle "FM"]
[WhiteElo "2279"]
[BlackElo "2297"]
[WhiteTeam "DLF Steinitz Roma"]
[BlackTeam "KSK Rochade Eupen-Kelmis"]
[WhiteFideId "805149"]
[BlackFideId "202029"]
[EventDate "2016.11.06"]

1. e4 e6 2. d4 d5 3. Nd2 Nf6 4. Ngf3 c5 5. g3 Nc6 6. Bg2 Be7 7. O-O O-O 8. Re1
b5 9. e5 Ne8 10. h4 Nc7 11. Nf1 f5 12. N1h2 b4 13. Ng5 Bb7 14. c4 Nxd4 15. Nhf3
Qe8 16. Nxd4 cxd4 17. Nxe6 Nxe6 18. cxd5 f4 19. dxe6 fxg3 20. fxg3 Bxg2 21. Kxg2
Qc6+ 22. Re4 Rac8 23. Bf4 Qxe6 24. Qb3 Qxb3 25. axb3 Rc2+ 26. Kf3 Rxb2 27. Rxa7
Bc5 28. Rc7 Bb6 29. Rb7 Bc5 30. Rb5 Rc2 31. Re2 Rc3+ 32. Ke4 Ra8 33. Rb7 Rxb3
34. e6 Rc3 35. Be5 Ra7 36. Rb8+ Bf8 37. Rf2 1-0

[Event "32nd ECC Open 2016"]
[Site "Novi Sad SRB"]
[Date "2016.11.12"]
[Round "7.27"]
[Board "5"]
[White "Ahn, Martin"]
[Black "Marzano, Carlo"]
[Result "1/2-1/2"]
[WhiteTitle "FM"]
[WhiteElo "2236"]
[BlackElo "2217"]
[WhiteTeam "KSK Rochade Eupen-Kelmis"]
[BlackTeam "DLF Steinitz Roma"]
[WhiteFideId "200972"]
[BlackFideId "802980"]
[EventDate "2016.11.06"]

1. e4 e5 2. Nf3 Nf6 3. Nc3 Nc6 4. g3 Bc5 5. Bg2 d6 6. d3 a6 7. h3 h6 8. Nd5 Nxd5
9. exd5 Nd4 10. Nd2 Ba7 11. Ne4 O-O 12. c3 Nf5 13. Qh5 c6 14. Nd2 Bd7 15. Nc4
Qf6 16. Ne3 Bxe3 17. Bxe3 c5 18. O-O Nxe3 19. fxe3 Qg5 20. Qxg5 hxg5 21. e4 f6
22. Rf2 Kf7 23. a3 a5 24. a4 Rh8 25. g4 b5 26. axb5 Bxb5 27. Bf1 Bd7 28. Kg2 Ke7
29. Be2 Rhb8 30. Bd1 a4 31. b3 axb3 32. Rxa8 Rxa8 33. Bxb3 Ra3 34. Rb2 Bb5 35.
c4 Bd7 36. Kf2 Kd8 37. Ke2 Ke7 38. Bd1 Ra8 39. Kf3 g6 40. Rf2 f5 41. Kg3 f4+ 42.
Kf3 Ra1 43. Rd2 Rb1 44. Be2 Ra1 45. Rb2 Ba4 46. Kf2 Bd1 47. Bxd1 Rxd1 48. Rb3
Rd2+ 49. Kg1 Ra2 50. Kh1 f3 51. Kg1 Rg2+ 52. Kf1 Rh2 53. Kg1 Rd2 54. Kf1 Rh2 1/2-1/2

[Event "32nd ECC Open 2016"]
[Site "Novi Sad SRB"]
[Date "2016.11.12"]
[Round "7.27"]
[Board "6"]
[White "Satta, Vladimiro"]
[Black "Coenen, Norbert"]
[Result "1/2-1/2"]
[BlackTitle "IM"]
[WhiteElo "2197"]
[BlackElo "2304"]
[WhiteTeam "DLF Steinitz Roma"]
[BlackTeam "KSK Rochade Eupen-Kelmis"]
[WhiteFideId "803006"]
[BlackFideId "4619455"]
[EventDate "2016.11.06"]

1. e4 c5 2. Nf3 e6 3. c3 d5 4. exd5 Qxd5 5. d4 Nf6 6. Na3 Nc6 7. Nb5 Qd8 8. dxc5
Bxc5 9. Qxd8+ Kxd8 10. Bf4 Ne4 11. Rd1+ Ke7 12. Nbd4 Bd7 13. Bd3 Nf6 14. Nb3 Bb6
15. O-O Rhd8 16. Rfe1 Be8 17. h3 h6 18. Ne5 Nxe5 19. Bxe5 Rac8 20. Be2 Bc6 21.
Bd4 Bxd4 22. Nxd4 Be4 23. Bd3 Bxd3 24. Rxd3 Rd5 25. Red1 Ne4 26. Re1 Nd6 27.
Nxe6 Rxd3 28. Nf4+ Kf6 29. Nxd3 Rd8 30. Rd1 Ne4 31. Kf1 h5 32. h4 g6 33. f3 Ng3+
34. Kf2 Nf5 35. g3 Rd6 36. b3 b5 37. Nb2 Rc6 38. Rd3 a5 39. Nd1 a4 40. Ne3 axb3
41. axb3 Nd6 42. Nd5+ Ke5 43. Nb4 Rc8 44. Re3+ Kf5 45. Ke2 Ra8 46. Rd3 Ke6 47.
Ke3 Nf5+ 48. Kf4 Rc8 49. Nc2 f6 50. Ne3 Nd6 51. Nc2 Nf5 52. g4 hxg4 53. fxg4
Nxh4 54. Nd4+ Ke7 55. Nxb5 Rc5 56. c4 g5+ 57. Ke3 f5 58. Kd4 Rc8 59. gxf5 Rd8+
60. Ke4 Rxd3 61. Kxd3 Nxf5 62. Ke4 Kf6 63. c5 Ne7 64. Nd4 g4 65. b4 g3 66. Kf3
Ke5 67. Nc2 Kd5 68. Kxg3 Kc4 69. Kf4 Nd5+ 70. Ke5 Nxb4 1/2-1/2